000 00261nam a2200097Ia 4500
082 _bVAR
_a575:57.087.1 VAR
100 _aVarghese, T M
245 0 _aBiometrical techniques in genetics and breeding
260 _aHissar
_bInternational Bioscience
_c1976
942 _cBK
999 _c36075
_d36075